Juicios sobre la evolución de la Historia

Gespeichert in:
Bibliographische Detailangaben
1. Verfasser: Letelier Madariaga, Valentín (VerfasserIn)
Format: Buch
Sprache:Spanisch
Veröffentlicht: Santiago Imprenta, Litografía y Encuadernación Barcelona, Moneda, entre Estado y San Antonio 1901
Ausgabe:1a. ed
Schlagworte:
Tags: Tag hinzufügen
Keine Tags, Fügen Sie den ersten Tag hinzu!

MARC

LEADER 00000nam a2200000 a 4500
001 UCJ8617
003 CL-VaPUC
008 070124e19010000CL |||||||||||||||||spa|d
082 0 4 |a 983  |b LET  |2 21 
100 |a Letelier Madariaga, Valentín   |e author  |9 351363 
245 1 0 |a Juicios sobre la evolución de la Historia 
250 |a 1a. ed 
300 |a 93 p 
942 |c BK 
945 |d 20070124 00:00:00  |a rinostro 
260 |a Santiago  |b Imprenta, Litografía y Encuadernación Barcelona, Moneda, entre Estado y San Antonio  |c 1901 
500 |a Interesante exponente de las polémicas públicas que se daban entre laicos 'comecuras' y la Iglesia 
600 0 7 |a RISOPATRON, LUIS  |2 CL-VaPUC  |9 517479 
600 0 7 |a SAAVEDRA, JOSE RAMON  |2 CL-VaPUC  |9 517480 
600 0 7 |a PIZARRO, BALDOMERO  |2 CL-VaPUC  |9 517481 
600 0 7 |a SILVA COTAPOS, CARLOS  |2 CL-VaPUC  |9 517482 
650 0 |a Historiografía   |9 257871 
650 0 |a Filosofía de la historia  |9 265651 
650 0 |a Apologética  |9 269349 
650 0 |a Laicismo  |9 313856 
650 7 |a POLEMICAS RELIGIOSAS  |2 CL-VaPUC  |9 469509 
583 |a last modification  |c 20070124 00:00:00  |k Rodrigo Vera 
999 |c 324287  |d 324285 
952 |0 0  |1 0  |4 0  |6 983_000000000000000_LET_1901  |7 0  |8 X  |9 404367  |a FDOBUD  |b FDOBUD  |d 2019-11-22  |i 1020692  |o 983 LET 1901  |p 1020692  |r 2019-11-22  |w 2019-11-22  |y BK_X  |k BUD